Greenspan's Basic & Clinical Endocrinology / (Record no. 595667)

000 -LEADER
fixed length control field 00457nam a22001457a 4500
020 ## - INTERNATIONAL STANDARD BOOK NUMBER
International Standard Book Number 9781259589287
082 ## - DEWEY DECIMAL CLASSIFICATION NUMBER
Classification number 616.12
Author Mark GRE
245 ## - TITLE STATEMENT
Title Greenspan's Basic & Clinical Endocrinology /
Statement of responsibility, etc. Edited by David G. Gardner, Dolores Shoback
250 ## - EDITION STATEMENT
Edition statement 10th Edition.
260 ## - PUBLICATION, DISTRIBUTION, ETC.
Place of publication, distribution, etc. New York :
Name of publisher, distributor, etc. McGraw-Hill Education.
Date of publication, distribution, etc. 2018.
300 ## - PHYSICAL DESCRIPTION
Extent 916 p. ;
Other physical details ill,
Dimensions 27 cm.
563 ## - BINDING INFORMATION
Binding note PBK.
650 ## - SUBJECT ADDED ENTRY--TOPICAL TERM
Topical term or geographic name entry element Endocrine glands
Form subdivision Periodicals
General subdivision Diseases
9 (RLIN) 114302
942 ## - ADDED ENTRY ELEMENTS (KOHA)
Source of classification or shelving scheme
Koha item type Book
Holdings
Withdrawn status Lost status Source of classification or shelving scheme Damaged status Not for loan Permanent Location Current Location Shelving location Date acquired Source of acquisition Cost, normal purchase price Full call number Barcode Date last seen Copy number Cost, replacement price Price effective from Koha item type
          NUST School of Health Sciences (NSHS) NUST School of Health Sciences (NSHS) General Stacks 08/30/2023 Prince Books 4850.00 616.12 GRE NSHS-1731 08/30/2023 c.1 9700.00 08/30/2023 Book
© 2023 Central Library, National University of Sciences and Technology. All Rights Reserved.